| 000 | 00548nam a2200193Ia 4500 | ||
|---|---|---|---|
| 005 | 20250508163302.0 | ||
| 008 | 008 250505s9999 xx 000 0 hin d | ||
| 037 | _aTheses | ||
| 040 |
_aFEDL _beng _cFEDL |
||
| 041 |
_ahin _2eng |
||
| 084 |
_a373, LAL/TH _qFEDL |
||
| 100 | _aLalit Bihari | ||
| 245 | 0 | _aSwatantrata ke paschat Uttar Pradesh me ucchater madhyamik shiksha ka vikas | |
| 260 | _c1981 | ||
| 300 | _a534p. | ||
| 546 | _aPh. D. Thesis, (Kanpur University) | ||
| 942 |
_cTH _h373, LAL/TH |
||
| 999 |
_c1382046 _d1382046 |
||